College algebra /

Gespeichert in:
Bibliographische Detailangaben
1. Verfasser: Sullivan, Michael (Verfasst von)
Format: Buch
Sprache:Englisch
Veröffentlicht: San Francisco : Dellen Publishing Company, 1987
Tags: Tag hinzufügen
Keine Tags, Fügen Sie das erste Tag hinzu!

MARC

LEADER 00000nam a22000003a 4500
001 stu2521
005 20150617225619.9
008 921020s1987----xxu-----------------eng-d
020 |a 0-02-418331-8 
040 |a STU  |b slo 
041 0 |a eng 
044 |a xxu 
080 |a 512(075.8) 
100 1 |a Sullivan, Michael  |4 aut 
245 1 |a College algebra /  |c [aut.] Sullivan,Michael 
260 |a San Francisco :  |b Dellen Publishing Company,  |c 1987 
300 |a 652 s :  |b príl 
996 |b 284EK07507  |c E*77165  |l EE01  |s A  |a 24  |w stu2521_0001 
996 |b E77160  |c E*77160  |l EE03  |s P  |a 0  |w stu2521_0002 
996 |b E77161  |c E*77161  |l EE03  |s P  |a 0  |w stu2521_0003 
996 |b 284EK07508  |c E*77164  |l EE01  |s A  |a 24  |w stu2521_0006 
996 |b 284EK07506  |c E*77167  |l EE0101  |s P  |a 0  |w stu2521_0008